Memoria y dictadura : un espacio para la reflexión desde los derechos humanos /
Guardado en:
| Otros Autores: | |
|---|---|
| Formato: | Libro |
| Publicado: |
Buenos Aires :
Instituto Espacio para la Memoria,
2011.
|
| Edición: | 3a. ed. |
| Materias: | |
| Etiquetas: |
Agregar Etiqueta
Sin Etiquetas, Sea el primero en etiquetar este registro!
|
| LEADER | 00766nam a22001935a 4500 | ||
|---|---|---|---|
| 001 | EHU.bham042519 | ||
| 008 | 130507s2011##################000#0#####d | ||
| 005 | 20230424105015.0 | ||
| 245 | 0 | 0 | |a Memoria y dictadura : |b un espacio para la reflexión desde los derechos humanos / |c Secretaría De Educación De La Asamblea Permanente Por Los Derechos Humanos. |
| 250 | |a 3a. ed. | ||
| 260 | |a Buenos Aires : |b Instituto Espacio para la Memoria, |c 2011. | ||
| 300 | |a 143 p. | ||
| 020 | |a 9789872357894 | ||
| 700 | 1 | |a Asamblea Permanente por los Derechos Humanos | |
| 082 | 3 | 2 | |a 323.982 |
| 653 | |a Derechos humanos | ||
| 653 | |a Dictadura argentina-1976-1983 | ||
| 653 | |a Historia argentina-1976-1983 | ||
| 859 | |a AR-BHAM |b BIB. HUMANIDADES - Derechos Humanos |h 323.982 |i M519 |p 130.14 |t Ej.1 |v DH | ||
